Missing Word: Film Sequels Quiz Stats

 Plays Quiz Updated Jul 14, 2016

Challenge
Share
Tweet
Embed
Score 0/20 Timer 02:00
2 Plays Today
Hint Answer % Correct
The Dark ________Knight
97.9%
Meet the ________Fockers
91.3%
________ of the DeadDawn
87.8%
The Bourne ________Supremacy
81.3%
Quantum of ________Solace
79%
The Matrix ________Reloaded
76.2%
New ________Moon
76.1%
________ AlmightyEvan
73.6%
Honey, I ________ Up the KidBlew
70.6%
28 ________ LaterWeeks
67.8%
Hint Answer % Correct
Bride of ________Chucky
63.4%
Prince ________Caspian
60.5%
The ________ of RiddickChronicles
55.6%
________ Has FallenLondon
55.2%
Die Hard With a ________Vengeance
54.5%
________ of the MaskSon
47%
The ________ of ZorroLegend
42.1%
Daddy Day ________Camp
33.9%
Are We ________ Yet?Done
31.3%
Magnum ________Force
25.7%

Today's Daily Dose

Missing Word
Madam, I'm Adam

Quick Pick
Meat vs Animal

On This Day
October 21st II

You're not logged in!

Compare scores with friends on all Sporcle quizzes.
Join for Free
OR
Log In

You Might Also Like...

Show Comments

Extras

Top Quizzes Today


Score Distribution

Your Account Isn't Verified!

In order to create a playlist on Sporcle, you need to verify the email address you used during registration. Go to your Sporcle Settings to finish the process.

Report this User

Report this user for behavior that violates our Community Guidelines.

Details: